Entry Personal Name
Number of records used in: 1
001 - CONTROL NUMBER
003 - CONTROL NUMBER IDENTIFIER
005 - DATE AND TIME OF LATEST TRANSACTION
- control field:
20220106132354.0
008 - FIXED-LENGTH DATA ELEMENTS
- fixed length control field:
020808n| acannaabn |n aaa
010 ## - LIBRARY OF CONGRESS CONTROL NUMBER
- LC control number:
n 2002106260
040 ## - CATALOGING SOURCE
- Original cataloging agency:
DLC
- Transcribing agency:
DLC
100 1# - HEADING--PERSONAL NAME
- Personal name:
Steadman, Dawnie Wolfe
670 ## - SOURCE DATA FOUND
- Source citation:
Hard evidence, c2003:
- Information found:
eCIP t.p. (Dawnie Wolfe Steadman)